On The cordillera / (Record no. 1557)

000 -LEADER
fixed length control field 00496nam a22001817a 4500
005 - DATE AND TIME OF LATEST TRANSACTION
control field 20241030084704.0
008 - FIXED-LENGTH DATA ELEMENTS--GENERAL INFORMATION
fixed length control field 210219b1969 ||||| |||| 00| 0 eng d
040 ## - CATALOGING SOURCE
Transcribing agency DLC
041 ## - LANGUAGE CODE
Language code of text/sound track or separate title eng
080 ## - UNIVERSAL DECIMAL CLASSIFICATION NUMBER
Universal Decimal Classification number 008
Item number S-41
100 ## - MAIN ENTRY--PERSONAL NAME
9 (RLIN) 986
Personal name Scott,William Henry
245 ## - TITLE STATEMENT
Title On The cordillera /
Remainder of title A look at the peoples and cultures of the mountain province
260 ## - PUBLICATION, DISTRIBUTION, ETC.
Name of publisher, distributor, etc. Mcs enterprises,inc
Date of publication, distribution, etc. 1969
300 ## - PHYSICAL DESCRIPTION
Extent 352 p.:
650 #0 - SUBJECT ADDED ENTRY--TOPICAL TERM
9 (RLIN) 493
Topical term or geographic name entry element Culture
653 ## - INDEX TERM--UNCONTROLLED
Uncontrolled term კულტურა
942 ## - ADDED ENTRY ELEMENTS (KOHA)
Source of classification or shelving scheme
Koha item type Books
Holdings
Withdrawn status Lost status Source of classification or shelving scheme Damaged status Not for loan Permanent location Current location Date acquired Inventory number Total Checkouts Full call number Barcode Date last seen Price effective from Koha item type
          Ken Walker International University Ken Walker International University 02/19/2021 419   008 S-41 419 02/19/2021 02/19/2021 Books

Powered by Koha